Hymn Titles - Statistics

General Stats
  • This quiz has been taken 842 times
  • The average score is 8 of 12
Answer Stats
Hint Answer % Correct
How _____ Thou Art Great
93%
What a ______ We Have in Jesus Friend
90%
Onward, Christian ________ Soldiers
85%
Tell Me the Old, Old _____ Story
72%
It Is Well With __ ____ My Soul
66%
Blest Be the Tie That _____ Binds
65%
Crown Him with ____ ______ Many Crowns
60%
Shall We Gather at the _____ River
58%
Just a ______ Walk with Thee Closer
55%
For the ______ of the Earth Beauty
45%
Eternal Father, Strong to ____ Save
45%
Immortal, _________, God Only Wise Invisible
44%
No matching quizzes found
Score Distribution
Percent of People with Each Score
Percentile by Number Answered
Your Score History
You have not taken this quiz